000 00823nam a2200217Ia 4500
999 _c40142
_d40142
001 6748
003 GE_BSU
005 20191225105846.0
008 181216s1969||||ge |||||||||||||| ||ge ||
040 _cGE_BSU
041 _ageo
080 _a821.353.1-31 გ-44
100 _aგვასალია, მოსე.
_95773
245 _aსურამი /
_cმოსე გვასალია ; რედ. გ. ნატროშვილი.
264 _aთბილისი :
_bსაბავშვო და ახალგაზრდობის ლიტ.-ის გამ-ბა,
_c1969.
300 _a222 გვ. ;
_c20 სმ.
653 _aრომანი
653 _aსურამი
700 _aნატროშვილი, გ.
_eრედაქტორი
_95972
942 _cBK
_2udc